| 000 | 00818nam a22002297a 4500 | ||
|---|---|---|---|
| 999 |
_c16587 _d16587 |
||
| 003 | AR-CdUCM | ||
| 008 | 190503b ||||| |||| 00| 0 spa d | ||
| 040 |
_aMUNICIPALIDAD PROVINCIAL DEL CUSCO _cBIBLIOTECA MUNICIPAL DEL CUSCO |
||
| 082 |
_a123.5 / _bH462 |
||
| 100 |
_aHegel, George Wilhelm Friedrich _936107 |
||
| 245 | _aFilosofía del espíritu / | ||
| 260 |
_aBuenos Aires : _bBiblioteca Pluma de oro, _c1942. |
||
| 300 |
_a685 páginas ; _c24 cm. |
||
| 440 |
_aColección de grandes obras universales _936108 |
||
| 500 | _aHegel por A. Foucher de Careil | ||
| 505 | _aContenido: El hombre -- El filosofo -- La fenomenologia -- La logica de Hegel... | ||
| 650 |
_aNoción de espíritu _936109 |
||
| 650 |
_aEl alma _936110 |
||
| 650 |
_aSensación _9256 |
||
| 942 |
_2ddc _cLIBROS |
||
| 945 |
_adavv _d03/05/2019 |
||